Vainqueurs de la Ligue des champions Élite de l'AFC - Statistiques

Statistiques générales
  • Ce quiz a été pris 6 fois
  • Le résultat moyen est 19 sur 43
Statistiques - réponses
Édition Pays Vainqueur % Correct
1991 Arabie saoudite Al-Hilal SFC
100%
1999-2000 Arabie saoudite Al-Hilal SFC
100%
2019 Arabie saoudite Al-Hilal SFC
100%
2021 Arabie saoudite Al-Hilal SFC
100%
2024-2025 Arabie saoudite Al-Hilal SFC
100%
1985-1986 Corée du Sud Busan IPark
60%
2002-2003 Émirats arabes unis Al-Aïn FC
40%
2023-2024 Émirats arabes unis Al-Aïn FC
40%
2004 Arabie saoudite Al-Ittihad Club
40%
2005 Arabie saoudite Al-Ittihad Club
40%
1988-1989 Qatar Al-Sadd SC
40%
2011 Qatar Al-Sadd SC
40%
2008 Japon Gamba Osaka
40%
2013 Chine Guangzhou FC
40%
2015 Chine Guangzhou FC
40%
1967 Israël Hapoël Tel-Aviv
40%
1986 Japon JEF United Chiba
40%
2006 Corée du Sud Jeonbuk Hyundai Motors
40%
2016 Corée du Sud Jeonbuk Hyundai Motors
40%
1998-1999 Japon Júbilo Iwata
40%
2018 Japon Kashima Antlers
40%
1989-1990 Chine Liaoning FC
40%
1969 Israël Maccabi Tel-Aviv
40%
1971 Israël Maccabi Tel-Aviv
40%
1996-1997 Corée du Sud Pohang Steelers
40%
1997-1998 Corée du Sud Pohang Steelers
40%
2009 Corée du Sud Pohang Steelers
40%
1995 Corée du Sud Seongnam FC
40%
2010 Corée du Sud Seongnam FC
40%
2000-2001 Corée du Sud Suwon Bluewings
40%
2001-2002 Corée du Sud Suwon Bluewings
40%
1987 Japon Tokyo Verdy
40%
2012 Corée du Sud Ulsan HD
40%
2020 Corée du Sud Ulsan HD
40%
2007 Japon Urawa Red Diamonds
40%
2017 Japon Urawa Red Diamonds
40%
2022 Japon Urawa Red Diamonds
40%
2014 Australie Western Sydney Wanderers
40%
1970 Iran Esteghlal FC
20%
1990-1991 Iran Esteghlal FC
20%
1992-1993 Iran PAS Téhéran
20%
1993-1994 Thaïlande Thai Farmers Bank
20%
1994-1995 Thaïlande Thai Farmers Bank
20%
Aucun quiz correspondant
Distribution des résultats
% des personnes avec chaque résultat
Percentile par nombre de réponses
Votre historique - résultats
Vous n’avez pas pris ce quiz